British History by Letter - R - Statistics

General Stats
  • This quiz has been taken 663 times
    490 since last reset
  • The average score is 8 of 11
Answer Stats
Hint Answer % Correct
Last English King to die in battle, his body was later found in a Leicester car park Richard III
98%
Legendary outlaw, adversary of the Sherriff of Nottingham and one of the best known characters of English folklore Robin Hood
95%
Series of wars fought between the Houses of Lancaster and York that saw the subsequent rise of the Tudor dynasty War of the Roses
93%
King of Scotland who led his men to victory against the English at the Battle of Bannockburn Robert the Bruce
85%
Term often given to the period of British rule on the Indian subcontinent British Raj
83%
English sailor and statesman who frequented the court of Elizabeth I, later executed by her successor James I to appease the Spanish Walter Raleigh
79%
Supporters of parliament and the puritan faction during the English Civil War Roundheads
72%
Institution that produces coins for circulation in the United Kingdom, originally housed in the Tower of London and now headquartered in Glamorgan Royal Mint
72%
Founder of colonial-era Singapore who lends his name to the luxury hotel Stamford Raffles
42%
English meadow, noted for its association with the sealing of the Magna Carta Runnymede
35%
King of Gwynedd who provided stern resistance to Dane and Norse advancements in Wales Rhodri Mawr
3%
No matching quizzes found
Score Distribution
Percent of People with Each Score
Percentile by Number Answered
Your Score History
You have not taken this quiz since the last reset